La prelación de créditos: explicaciones de clases

Kaydedildi:
Detaylı Bibliyografya
Yazar: Alessandri Rodríguez, Arturo (autor)
Materyal Türü: Kitap
Dil:İspanyolca
Baskı/Yayın Bilgisi: Santiago Nascimento 1940
Konular:
Etiketler: Etiketle
Etiket eklenmemiş, İlk siz ekleyin!

MARC

LEADER 00000nam a2200000 a 4500
001 UCV1629
003 CL-VaPUC
008 900904e19400000CL |||||||||||||||||spa|d
082 0 4 |a 346.077  |b ALE  |2 21 
100 |a Alessandri Rodríguez, Arturo  |e autor  |9 605353 
245 1 3 |a La prelación de créditos: explicaciones de clases 
300 |a 115 h 
942 |c BK 
945 |d 19900904 00:00:00 
260 |a Santiago  |b Nascimento  |c 1940 
500 |a Anexo: Reproducción de las Conclusiones a que llega el Sr. Galvarino Palacios G., en su memoria sobre prelación de créditos 
650 0 |a Crédito  |9 256211 
650 0 |a Derecho y legislación   |9 255077 
650 0 |a Deudor y acreedor  |9 256643 
651 7 |a CHILE  |2 CL-VaPUC  |9 295930 
583 |a last modification  |c 19900904 00:00:00  |k Rodrigo Vera 
999 |c 209549  |d 209547 
952 |0 0  |1 0  |4 0  |6 346_077000000000000_ALE_1940  |7 0  |8 A  |9 185020  |a BIBDER  |b BIBDER  |d 2019-11-14  |i 252337K  |o 346.077 ALE 1940  |p 252337K  |r 2023-01-25  |w 2019-11-14  |y BK  |k DER 
952 |0 0  |1 0  |4 0  |6 346_077000000000000_ALE_1940  |7 0  |8 A  |9 185021  |a BIBDER  |b BIBDER  |d 2019-11-14  |i 412345K  |o 346.077 ALE 1940  |p 412345K  |r 2023-01-25  |w 2019-11-14  |y BK  |k DER